Sports Quiz

Random Sports or Africa Quiz

African World Cup Countries Minefield Quiz Stats

 Plays Quiz not verified by Sporcle

Support Sporcle.
Go Orange.
Score 0/13 Timer 05:00
0 Plays Today
% Correct
???
92.3%
???
90.8%
???
89.2%
???
87.7%
???
87.7%
???
86.2%
???
86.2%
???
84.6%
???
83.1%
???
81.5%
???
75.4%
???
73.8%
???
69.2%

You're not logged in!

Compare scores with friends on all Sporcle quizzes.
OR
Log In

From the Vault

Pieces of Maps (Canada)

by AuroraIllumina

It's not quite a piece of cake.
Remove Ads.
Support Sporcle.
Get the best of Sporcle when you Go Orange. This ad-free experience offers more features, more stats, and more fun while also helping to support Sporcle. Thank you for becoming a member.

Show Comments

Extras

Top Quizzes Today


Score Distribution

Your Account Isn't Verified!

In order to create a playlist on Sporcle, you need to verify the email address you used during registration. Go to your Sporcle Settings to finish the process.

Report this User

Report this user for behavior that violates our Community Guidelines.

Details: